| 000 | 01006nmm a2200373 a 4500 | ||
|---|---|---|---|
| 003 | AR-BaBNM | ||
| 005 | 20251128211432.0 | ||
| 008 | 194020s1998 ||||||||||||||000 | spa|| | ||
| 020 | _a987-507-056-4 | ||
| 040 | _cAR-BaBNM | ||
| 245 | 1 | 0 | _aTrabajadores del estado en Iberoámerica |
| 260 |
_aBuenos Aires _bCiudad Argentina _c1998 |
||
| 300 | _a432 p. | ||
| 650 | 4 | _aLEGISLACION | |
| 650 | 4 | _aDERECHO LABORAL | |
| 650 | 4 | _aEMPLEO | |
| 650 | 4 | _aTRABAJO | |
| 650 | 4 | _aCONTRATOS DE TRABAJO | |
| 650 | 4 | _aDESEMPLEO | |
| 650 | 4 | _aSALARIOS | |
| 651 | 4 | _aAmérica Latina | |
| 653 | _aESTUDIOS COMPARADOS | ||
| 700 | 1 |
_aAckerman, Mario _ecoordinador |
|
| 700 | 1 | _aGiglio, Wagner D. | |
| 700 | 1 | _aMorgado Valenzuela, Emilio | |
| 700 | 1 | _aMontoya Melgar, Alfredo | |
| 700 | 1 | _aDe Buen, Néstor | |
| 700 | 1 | _aMurgas Torrazza, Rolando | |
| 700 | 1 | _aPasco Cosmopolis, Mario | |
| 700 | 1 | _aAlburquerque, Rafael | |
| 700 | 1 | _aPla Rodríguez, Américo | |
| 942 | _cBK | ||
| 998 | _cMariana | ||
| 999 |
_c19680 _d19680 |
||